[Event "Hradec Kralove Region-chT 2223"]
[Site "Czech Republic"]
[Date "2023.02.12"]
[Round "8.2"]
[White "Vanicek, Vojtech"]
[Black "Ringel, Zbynek"]
[Result "1/2-1/2"]
[WhiteElo "1829"]
[BlackElo "2237"]
[PlyCount "59"]
[EventDate "2022.10.09"]
[EventType "team-tourn"]
[EventRounds "11"]
[EventCountry "CZE"]
[SourceTitle "EXT 2024"]
[Source "ChessBase"]
[SourceDate "2023.10.10"]
[SourceVersion "1"]
[SourceVersionDate "2023.10.10"]
[SourceQuality "1"]

1. e4 g6 2. d4 Bg7 3. c4 d6 4. Nc3 e5 5. dxe5 dxe5 6. Qxd8+ Kxd8 7. Nf3 Na6 8. Bg5+ Ke8 9. Rd1 Bg4 10. Be2 Nc5 11. Be3 Ne6 12. Ng5 Bxe2 13. Kxe2 a6 14. Nxe6 fxe6 15. b4 Nf6 16. f3 Rd8 17. a4 Bf8 18. Rxd8+ Kxd8 19. c5 Nd7 20. a5 Nb8 21. b5 Be7 22. c6 Kc8 23. cxb7+ Kxb7 24. Rb1 Kc8 25. b6 Nc6 26. bxc7 Kxc7 27. Rb6 Rb8 28. Na4 Rxb6 29. Bxb6+ Kb7 30. Nb2 1/2-1/2

[Event "Kouty nad Desnou op-B"]
[Site "Kouty nad Desnou"]
[Date "2010.03.12"]
[Round "8"]
[White "Vanicek, Vojtech"]
[Black "Valencik, Jozef"]
[Result "0-1"]
[WhiteElo "1510"]
[BlackElo "1726"]
[PlyCount "50"]
[EventDate "2010.03.06"]
[EventType "swiss"]
[EventRounds "9"]
[EventCountry "CZE"]
[SourceTitle "EXT 2012"]
[Source "ChessBase"]
[SourceDate "2011.11.24"]
[SourceVersion "1"]
[SourceVersionDate "2011.11.24"]
[SourceQuality "1"]

1. e4 e5 2. Nf3 Nc6 3. Bc4 Nf6 4. Ng5 d5 5. exd5 Na5 6. Bb5+ c6 7. dxc6 bxc6 8. Be2 h6 9. Nf3 e4 10. Ne5 Bc5 11. 0-0 Qd6 12. Ng4 Bxg4 13. Bxg4 h5 14. Be2 Ng4 15. Bxg4 hxg4 16. g3 f5 17. d3 0-0-0 18. Qe1 Nb7 19. dxe4 Qg6 20. exf5 Qxf5 21. Bf4 Rde8 22. Qd2 Rxh2 23. Bg5 Rh5 24. Bh4 g5 25. Bxg5 Rxg5 0-1

[Event "CZE-ch U14"]
[Site "Sec u Chrudimi"]
[Date "2008.11.01"]
[Round "9"]
[White "Vanicek, Vojtech"]
[Black "Sourek, Martin"]
[Result "1-0"]
[WhiteElo "1564"]
[BlackElo "1445"]
[PlyCount "47"]
[EventDate "2008.10.25"]
[EventType "swiss"]
[EventRounds "9"]
[EventCountry "CZE"]
[SourceTitle "EXT 2022"]
[Source "ChessBase"]
[SourceDate "2021.10.06"]
[SourceVersion "1"]
[SourceVersionDate "2021.10.06"]
[SourceQuality "1"]

1. e4 d5 2. exd5 Nf6 3. d4 Nxd5 4. Nf3 Bg4 5. c4 Nb6 6. Nc3 g6 7. Be3 Bg7 8. Be2 0-0 9. 0-0 Bxf3 10. Bxf3 Nc6 11. Bxc6 bxc6 12. Qd3 e5 13. Rad1 Rb8 14. b3 Qe7 15. Rfe1 Rbd8 16. Qc2 Rfe8 17. dxe5 Bxe5 18. Rxd8 Rxd8 19. Kh1 Qb4 20. Bd2 Qc5 21. Ne4 Qd4 22. Bc3 Qd7 23. Bxe5 Qe6 24. Bxc7 1-0

[Event "CZE-ch U14"]
[Site "Sec u Chrudimi"]
[Date "2008.10.31"]
[Round "8"]
[White "Vopenka, Stepan"]
[Black "Vanicek, Vojtech"]
[Result "1/2-1/2"]
[WhiteElo "1472"]
[BlackElo "1564"]
[PlyCount "123"]
[EventDate "2008.10.25"]
[EventType "swiss"]
[EventRounds "9"]
[EventCountry "CZE"]
[SourceTitle "EXT 2022"]
[Source "ChessBase"]
[SourceDate "2021.10.06"]
[SourceVersion "1"]
[SourceVersionDate "2021.10.06"]
[SourceQuality "1"]

1. e4 c5 2. c3 Nc6 3. d4 e6 4. Nf3 d6 5. Bb5 Bd7 6. 0-0 a6 7. Ba4 Nf6 8. Bg5 Be7 9. Nbd2 0-0 10. h3 b5 11. Bb3 h6 12. Bh4 Qb6 13. e5 dxe5 14. dxe5 Nd5 15. Bxd5 exd5 16. Bxe7 Nxe7 17. Nb3 Rfe8 18. Re1 a5 19. Qc2 a4 20. Nbd2 Bf5 21. Qd1 Ng6 22. Nf1 Be4 23. Ng3 Qc6 24. Qe2 Bxf3 25. Qxf3 Nxe5 26. Qh5 Nd3 27. Rxe8+ Rxe8 28. Rd1 c4 29. Rd2 Re1+ 30. Kh2 Qe6 31. Qg4 Qf6 32. Nf5 Qg6 33. Qxg6 fxg6 34. Nd4 Rb1 35. b3 axb3 36. axb3 Rb2 37. Rxb2 Nxb2 38. Nxb5 cxb3 39. Nd4 Nd1 40. Nxb3 Nxc3 41. Kg3 Kf7 42. Kf4 Kf6 43. Ke3 Nb5 44. h4 g5 45. hxg5+ Kxg5 46. Kf3 h5 47. Nd2 Kf5 48. Ke3 g5 49. g3 Nd6 50. Kd4 Ke6 51. Nf3 Nf5+ 52. Kc5 g4 53. Ne1 h4 54. gxh4 Nxh4 55. Nd3 Ng6 56. Kd4 Kd6 57. Ke3 Ne5 58. Nf4 Kc5 59. Ne6+ Kd6 60. Nf4 Nd7 61. Nd3 Nf6 62. Nf4 1/2-1/2

[Event "CZE-ch U12"]
[Site "Sec u Chrudimi"]
[Date "2008.03.10"]
[Round "4"]
[White "Vyhnalek, Lukas"]
[Black "Vanicek, Vojtech"]
[Result "1-0"]
[WhiteElo "1757"]
[BlackElo "1393"]
[PlyCount "75"]
[EventDate "2008.03.08"]
[EventType "swiss"]
[EventRounds "9"]
[EventCountry "CZE"]
[SourceTitle "EXT 2009"]
[Source "ChessBase"]
[SourceDate "2008.11.26"]
[SourceVersion "1"]
[SourceVersionDate "2008.11.26"]
[SourceQuality "1"]

1. e4 c5 2. Nf3 e6 3. c4 Nc6 4. Nc3 d6 5. Be2 Nf6 6. d4 cxd4 7. Nxd4 Be7 8. 0-0 0-0 9. f4 Qb6 10. Be3 a6 11. Qd2 Qc7 12. f5 Ne5 13. b3 b6 14. Nf3 exf5 15. exf5 Rd8 16. Qc2 Bb7 17. Na4 Ned7 18. Rfd1 Nc5 19. Nc3 d5 20. cxd5 Nxd5 21. Nxd5 Bxd5 22. b4 Ne6 23. Qxc7 Nxc7 24. Bxb6 Bd6 25. Rac1 Bxf3 26. Bxf3 Rac8 27. Rc6 Nb5 28. Bxd8 Rxd8 29. a4 Re8 30. axb5 Bxb4 31. bxa6 Ra8 32. a7 Bf8 33. Rc7 Re8 34. a8Q Rxa8 35. Bxa8 h6 36. Rc8 g6 37. Rdd8 Kg7 38. Rxf8 1-0

[Event "CZE-ch U12"]
[Site "Sec u Chrudimi"]
[Date "2008.03.09"]
[Round "2"]
[White "Dobes, Vojtech"]
[Black "Vanicek, Vojtech"]
[Result "1-0"]
[WhiteElo "1834"]
[BlackElo "1393"]
[PlyCount "107"]
[EventDate "2008.03.08"]
[EventType "swiss"]
[EventRounds "9"]
[EventCountry "CZE"]
[SourceTitle "EXT 2009"]
[Source "ChessBase"]
[SourceDate "2008.11.26"]
[SourceVersion "1"]
[SourceVersionDate "2008.11.26"]
[SourceQuality "1"]

1. e4 c5 2. c3 Nc6 3. d4 e6 4. d5 exd5 5. exd5 Qe7+ 6. Be2 Ne5 7. Be3 d6 8. Nf3 Nf6 9. 0-0 g6 10. Bf4 Bg7 11. Nxe5 dxe5 12. Bb5+ Bd7 13. Re1 Nh5 14. Bxd7+ Kxd7 15. Be3 Rhe8 16. c4 Nf6 17. Nc3 a6 18. a3 Rac8 19. Qa4+ Kd8 20. Rad1 Qd7 21. Qb3 h6 22. Na4 Qd6 23. Qxb7 Re7 24. Qb6+ Qxb6 25. Nxb6 Rb8 26. Bxc5 Rc7 27. Na4 Rbc8 28. b4 Nd7 29. Bd6 Rb7 30. Nc5 Rb6 31. Nxd7 Rxd6 32. Nc5 Rc7 33. Ne4 Rdd7 34. c5 f6 35. c6 Rf7 36. Nc5 Ke8 37. a4 Bf8 38. Nxa6 Rc8 39. b5 Bd6 40. a5 Ra7 41. Rb1 Kd8 42. Kf1 Raa8 43. Ra1 Ra7 44. Reb1 Rca8 45. Ke2 f5 46. Kd3 g5 47. Kc4 h5 48. Nc5 Bxc5 49. Kxc5 Rxa5 50. Rxa5 Rxa5 51. d6 e4 52. Rb2 f4 53. Kb6 Ra3 54. Kb7 1-0